Mario quiz Fr - Statistiques

Statistiques générales
  • Ce quiz a été pris 265 fois
    243 depuis la dernière actualisation
  • Le résultat moyen est 7 sur 10
Statistiques - réponses
Question Réponse % Correct
Qui a crée Mario Miyamoto
96%
Quelle est la princesse du. Pays de Sarasaland Daisy
92%
Qu’est ce qu’une warp zone Un raccourci pour aller dans un autre monde
92%
De quoi à peur luigi Boo
79%
Comment s’appelle les rivaux de luigi et mario Aucune de ces réponse
71%
Quelle est la couleur de la carapace télécommande dans mario kart Rouge
71%
Dans quelle jeu est apparu la première fois mario Donkey kong
58%
Lequel n’est pas un dinosaure Koopa
58%
Quelle couleur ne figure pas dans mario Jaune
50%
Quelle personnage n’a t on jamais vu dans mario Autre
38%
Aucun quiz correspondant
Distribution des résultats
% des personnes avec chaque résultat
Percentile par nombre de réponses
Votre historique - résultats
Vous n’avez pas pris ce quiz depuis la dernière actualisation